[Event "POL-ch qual U17"]
[Site "Jastrzebia Gora"]
[Date "2013.09.28"]
[Round "7.4"]
[White "Kowalski, Roman"]
[Black "Zwara, Szymon"]
[Result "1-0"]
[WhiteElo "1558"]
[BlackElo "1787"]
[PlyCount "49"]
[EventDate "2013.09.28"]
[EventType "tourn"]
[EventRounds "7"]
[EventCountry "POL"]
[SourceTitle "EXT 2023"]
[Source "ChessBase"]
[SourceDate "2022.10.05"]
[SourceVersion "1"]
[SourceVersionDate "2022.10.05"]
[SourceQuality "1"]

1. g3 e5 2. Bg2 d5 3. d4 e4 4. e3 Nf6 5. Ne2 h5 6. Nbc3 h4 7. gxh4 Rxh4 8. Ng3 Bg4 9. f3 exf3 10. Bxf3 Bd6 11. Nf1 c6 12. Qe2 Nbd7 13. Bd2 Qc7 14. 0-0-0 0-0-0 15. Bxg4 Nxg4 16. Be1 Rdh8 17. Bxh4 Rxh4 18. Rg1 Ngf6 19. Rxg7 Qa5 20. Kb1 Bb4 21. Qd3 Nb6 22. Qf5+ Kb8 23. Qxf6 Bxc3 24. Rg8+ Kc7 25. Qd8# 1-0

[Event "POL-ch qual U17"]
[Site "Jastrzebia Gora"]
[Date "2013.09.28"]
[Round "5.3"]
[White "Kroczka, Gromoslaw"]
[Black "Zwara, Szymon"]
[Result "1-0"]
[WhiteElo "1767"]
[BlackElo "1787"]
[PlyCount "87"]
[EventDate "2013.09.28"]
[EventType "tourn"]
[EventRounds "7"]
[EventCountry "POL"]
[SourceTitle "EXT 2023"]
[Source "ChessBase"]
[SourceDate "2022.10.05"]
[SourceVersion "1"]
[SourceVersionDate "2022.10.05"]
[SourceQuality "1"]

1. e4 e5 2. Nf3 Nc6 3. Bc4 Nf6 4. d3 Bc5 5. c3 a6 6. 0-0 d6 7. Bb3 Ba7 8. Nbd2 h6 9. h3 g5 10. Nc4 g4 11. hxg4 Bxg4 12. Be3 Rg8 13. Bxa7 Nxa7 14. Ne3 Qd7 15. Nxg4 Qxg4 16. Ne1 Qh4 17. Qf3 0-0-0 18. Bxf7 Rg7 19. Qf5+ Kb8 20. Nf3 Qg4 21. Qxg4 Nxg4 22. Bb3 Nc6 23. Nh2 Ne7 24. Nxg4 Rxg4 25. f3 Rg5 26. Kf2 Ng6 27. g3 Rf8 28. Rh1 h5 29. Rag1 Ne7 30. Ke3 Ng6 31. d4 c5 32. dxc5 dxc5 33. Kf2 b5 34. Bd5 Ne7 35. Rd1 Rf6 36. Rh3 Ng6 37. Ke3 h4 38. gxh4 Rg2 39. Rd2 Rg1 40. h5 Nf4 41. Rhh2 Rg5 42. h6 Nxd5+ 43. Rxd5 Rg3 44. h7 1-0

[Event "POL-chT4 Kujawsko Pomorskie 1112"]
[Site "Poland"]
[Date "2011.11.06"]
[Round "1.46"]
[White "Zwara, Szymon"]
[Black "Kaczmarczyk, Pawel"]
[Result "1-0"]
[WhiteElo "1678"]
[BlackElo "1670"]
[PlyCount "33"]
[EventDate "2011.11.06"]
[EventType "team-swiss"]
[EventRounds "10"]
[EventCountry "POL"]
[SourceTitle "EXT 2019"]
[Source "ChessBase"]
[SourceDate "2018.10.10"]
[SourceVersion "1"]
[SourceVersionDate "2018.10.10"]
[SourceQuality "1"]

1. e4 c6 2. d4 d5 3. e5 Bf5 4. h4 h6 5. g4 Be4 6. f3 Bh7 7. e6 Qd6 8. exf7+ Kxf7 9. Bd3 Qg3+ 10. Kf1 h5 11. Bxh7 Rxh7 12. Qd3 g6 13. Nh3 Bh6 14. g5 Bg7 15. Nf4 e5 16. Qxg6+ Kf8 17. Rh3 1-0

[Event "POL-chT4 Kujawsko Pomorskie 1011"]
[Site "Poland"]
[Date "2011.02.13"]
[Round "6.7"]
[White "Radziejewski, Tomasz"]
[Black "Zwara, Szymon"]
[Result "1-0"]
[WhiteElo "1863"]
[BlackElo "1645"]
[PlyCount "59"]
[EventDate "2010.11.07"]
[EventType "team-swiss"]
[EventRounds "10"]
[EventCountry "POL"]
[SourceTitle "EXT 2019"]
[Source "ChessBase"]
[SourceDate "2018.10.10"]
[SourceVersion "1"]
[SourceVersionDate "2018.10.10"]
[SourceQuality "1"]

1. c4 e5 2. Nc3 Nc6 3. g3 f5 4. e3 Nf6 5. Bg2 d5 6. Nxd5 Nxd5 7. cxd5 Nb4 8. d4 e4 9. Bf1 Nxd5 10. a3 c6 11. Ne2 Bd6 12. Nc3 Nf6 13. Bc4 Qe7 14. d5 cxd5 15. Nxd5 Nxd5 16. Qxd5 a6 17. 0-0 Qf6 18. Bd2 Rb8 19. Bc3 Qe7 20. Rad1 Bc7 21. Bb4 Qf6 22. f3 b5 23. Ba2 a5 24. Bc3 Qe7 25. fxe4 Bd7 26. Bd4 b4 27. Bc5 Qe6 28. Qxe6+ Bxe6 29. Bxe6 Rb5 30. Bd7+ 1-0

[Event "POL-chT4 Kujawsko Pomorskie 1011"]
[Site "Poland"]
[Date "2011.01.09"]
[Round "4.7"]
[White "Zwara, Szymon"]
[Black "Wojnarowski, Szymon"]
[Result "1-0"]
[WhiteElo "1645"]
[BlackElo "1600"]
[PlyCount "55"]
[EventDate "2010.11.07"]
[EventType "team-swiss"]
[EventRounds "10"]
[EventCountry "POL"]
[SourceTitle "EXT 2019"]
[Source "ChessBase"]
[SourceDate "2018.10.10"]
[SourceVersion "1"]
[SourceVersionDate "2018.10.10"]
[SourceQuality "1"]

1. e4 c6 2. d4 d5 3. e5 Bf5 4. h4 h6 5. g4 Bh7 6. Bd3 Bxd3 7. Qxd3 e6 8. f4 Ne7 9. Nf3 Qb6 10. 0-0 Nd7 11. f5 c5 12. c3 h5 13. Ng5 hxg4 14. fxe6 fxe6 15. Nf7 Rxh4 16. Nd6+ Kd8 17. Bg5 Rh3 18. Qg6 Rg3+ 19. Kh2 Rh3+ 20. Kg1 Rg3+ 21. Kh2 Rh3+ 22. Kg1 Kc7 23. Qxe6 Qxb2 24. Nd2 b6 25. Rab1 Qc2 26. Nb5+ Kb7 27. Qxd7+ Ka6 28. Nc7+ 1-0

[Event "Bydgoszcz op U18"]
[Site "Bydgoszcz"]
[Date "2010.01.21"]
[Round "8"]
[White "Kaczmarczyk, Pawel"]
[Black "Zwara, Szymon"]
[Result "0-1"]
[WhiteElo "1587"]
[BlackElo "1607"]
[PlyCount "46"]
[EventDate "2010.01.18"]
[EventType "swiss"]
[EventRounds "9"]
[EventCountry "POL"]
[SourceTitle "EXT 2013"]
[Source "ChessBase"]
[SourceDate "2012.11.22"]
[SourceVersion "1"]
[SourceVersionDate "2012.11.22"]
[SourceQuality "1"]

1. e4 c5 2. f4 Nc6 3. Nf3 g6 4. d4 cxd4 5. Nxd4 Bg7 6. c3 d6 7. Bb5 Bd7 8. 0-0 Nf6 9. Bxc6 bxc6 10. Qc2 0-0 11. Kh1 Rb8 12. f5 c5 13. Nf3 Bc6 14. Nbd2 e6 15. fxg6 hxg6 16. e5 Ng4 17. Ne4 Nxe5 18. Nxe5 Bxe5 19. Bg5 Bxe4 20. Qxe4 Qxg5 21. Qc2 Kg7 22. Qf2 Rb7 23. Qe2 Rh8 0-1

[Event "Bydgoszcz op U18"]
[Site "Bydgoszcz"]
[Date "2010.01.20"]
[Round "6"]
[White "Bokiej, Przemyslaw"]
[Black "Zwara, Szymon"]
[Result "1/2-1/2"]
[WhiteElo "2063"]
[BlackElo "1607"]
[PlyCount "64"]
[EventDate "2010.01.18"]
[EventType "swiss"]
[EventRounds "9"]
[EventCountry "POL"]
[SourceTitle "EXT 2013"]
[Source "ChessBase"]
[SourceDate "2012.11.22"]
[SourceVersion "1"]
[SourceVersionDate "2012.11.22"]
[SourceQuality "1"]

1. e4 c5 2. Nf3 d6 3. d4 cxd4 4. Qxd4 a6 5. c4 Nc6 6. Qd2 Nf6 7. Nc3 g6 8. b3 Bg7 9. Bb2 e6 10. Be2 Qa5 11. Rb1 0-0 12. 0-0 Rd8 13. a3 Qc7 14. Rbd1 b6 15. Rfe1 Bb7 16. Bf1 Ne7 17. b4 d5 18. cxd5 exd5 19. e5 Ng4 20. Qg5 h5 21. Qd2 d4 22. Ne4 Nxe5 23. Nxe5 Bxe5 24. Qg5 Nf5 25. Nf6+ Bxf6 26. Qxf6 Qc6 27. Qg5 Rd7 28. Rc1 Qd6 29. Bd3 Ng7 30. Bc4 b5 31. Bb3 Bd5 32. Bc2 Bc4 1/2-1/2

[Event "POL-chT4 Kujawsko Pomorskie 0910"]
[Site "Poland"]
[Date "2009.11.22"]
[Round "2.7"]
[White "Gajek, Radoslaw"]
[Black "Zwara, Szymon"]
[Result "1-0"]
[WhiteElo "1835"]
[BlackElo "1552"]
[PlyCount "89"]
[EventDate "2009.11.08"]
[EventType "team-swiss"]
[EventRounds "11"]
[EventCountry "POL"]
[SourceTitle "EXT 2020"]
[Source "ChessBase"]
[SourceDate "2019.10.17"]
[SourceVersion "1"]
[SourceVersionDate "2019.10.17"]
[SourceQuality "1"]

1. e4 c5 2. Nf3 Nc6 3. d4 cxd4 4. Nxd4 Nf6 5. Nc3 e5 6. Ndb5 d6 7. Bg5 a6 8. Na3 b5 9. Bxf6 gxf6 10. Nd5 f5 11. c3 Bg7 12. exf5 Bxf5 13. Nc2 Rb8 14. Nce3 Bc8 15. Bd3 Ne7 16. Be4 Be6 17. Nxe7 Qxe7 18. Bc6+ Bd7 19. Nf5 Qf6 20. Nxg7+ Qxg7 21. Qxd6 Rd8 22. Rd1 f6 23. Qc7 Qe7 24. Rxd7 Rxd7 25. Qc8+ Qd8 26. Bxd7+ Ke7 27. Qxd8+ Rxd8 28. Bf5 h6 29. Ke2 Rg8 30. g4 Kd6 31. Rd1+ Kc5 32. Rd7 Rc8 33. Rh7 Rc6 34. Rxh6 a5 35. h4 b4 36. cxb4+ Kxb4 37. g5 a4 38. gxf6 a3 39. bxa3+ Kc3 40. f7 Rxh6 41. f8Q Rxh4 42. Qc5+ Rc4 43. Qe3+ Kb2 44. Qb3+ Kc1 45. Qb1# 1-0

[Event "Bydgoszcz U18 op 26th"]
[Site "Bydgoszcz"]
[Date "2009.02.16"]
[Round "9.7"]
[White "Nowacki, Krzysztof"]
[Black "Zwara, Szymon"]
[Result "1/2-1/2"]
[WhiteElo "1693"]
[BlackElo "1450"]
[PlyCount "54"]
[EventDate "2009.02.16"]
[EventType "swiss"]
[EventRounds "9"]
[EventCountry "POL"]
[SourceTitle "EXT 2023"]
[Source "ChessBase"]
[SourceDate "2022.10.05"]
[SourceVersion "1"]
[SourceVersionDate "2022.10.05"]
[SourceQuality "1"]

1. e4 c5 2. Nf3 Nc6 3. d4 cxd4 4. Nxd4 g6 5. Be3 Bg7 6. Qd2 Nf6 7. f3 0-0 8. c4 e6 9. Be2 d5 10. exd5 exd5 11. 0-0 Re8 12. Nc3 dxc4 13. Nxc6 Qxd2 14. Bxd2 bxc6 15. Bxc4 Be6 16. Bxe6 Rxe6 17. Rfe1 Rae8 18. Rxe6 Rxe6 19. Re1 Rxe1+ 20. Bxe1 Kf8 21. Bf2 a6 22. Bc5+ Ke8 23. Kf2 Nd7 24. Bd6 Nb6 25. Bc5 Nd7 26. Bd6 Nb6 27. Bc5 Nd7 1/2-1/2